Оценка последствия создания КГН для российских групп компаний; Информационные технологии в науке, управлении, социальной сфере и медицине; Ч. 1
| Parent link: | Информационные технологии в науке, управлении, социальной сфере и медицине: сборник научных трудов IV Международной научной конференции, 5-8 декабря 2017 г., Томск/ Национальный исследовательский Томский политехнический университет (ТПУ).— , 2017 Ч. 1.— 2017.— [С. 375-378] |
|---|---|
| Autor principal: | |
| Autor corporatiu: | |
| Altres autors: | |
| Sumari: | Заглавие с титульного экрана One of the most important decisions in the field of tax policy is the possibility of establishing consolidated groups of taxpayers. In this article we consider the ambiguity of influence of establishing such groups on the revenues of budgets of subjects of Russia. Besides we will find out the reasons of this influence. |
| Idioma: | rus |
| Publicat: |
2017
|
| Col·lecció: | Информационные технологии в экономике и управлении |
| Matèries: | |
| Accés en línia: | http://earchive.tpu.ru/handle/11683/46159 |
| Format: | MixedMaterials Electrònic Capítol de llibre |
| KOHA link: | https://koha.lib.tpu.ru/cgi-bin/koha/opac-detail.pl?biblionumber=626089 |
MARC
| LEADER | 00000naa2a2200000 4500 | ||
|---|---|---|---|
| 001 | 626089 | ||
| 005 | 20231101133408.0 | ||
| 035 | |a (RuTPU)RU\TPU\conf\25385 | ||
| 035 | |a RU\TPU\conf\25384 | ||
| 090 | |a 626089 | ||
| 100 | |a 20180205d2017 k y0rusy50 ca | ||
| 101 | 0 | |a rus |d eng | |
| 102 | |a RU | ||
| 105 | |a y z 101zy | ||
| 135 | |a drcn ---uucaa | ||
| 181 | 0 | |a i | |
| 182 | 0 | |a b | |
| 200 | 1 | |a Оценка последствия создания КГН для российских групп компаний |d Evaluation of the effects of establishing of consalidated groups of taxpayers for Russian groups of companies |f А. А. Брайченко, К. А. Баннова | |
| 203 | |a Текст |c электронный | ||
| 225 | 1 | |a Информационные технологии в экономике и управлении | |
| 230 | |a 1 компьютерный файл (pdf; 343 Kb) | ||
| 300 | |a Заглавие с титульного экрана | ||
| 320 | |a [Библиогр.: с. 377-378 (10 назв.)] | ||
| 330 | |a One of the most important decisions in the field of tax policy is the possibility of establishing consolidated groups of taxpayers. In this article we consider the ambiguity of influence of establishing such groups on the revenues of budgets of subjects of Russia. Besides we will find out the reasons of this influence. | ||
| 461 | 1 | |0 (RuTPU)RU\TPU\conf\25267 |t Информационные технологии в науке, управлении, социальной сфере и медицине |o сборник научных трудов IV Международной научной конференции, 5-8 декабря 2017 г., Томск |o в 2 ч. |f Национальный исследовательский Томский политехнический университет (ТПУ) |d 2017 | |
| 463 | 1 | |0 (RuTPU)RU\TPU\conf\25268 |t Ч. 1 |f Национальный исследовательский Томский политехнический университет (ТПУ) ; ред. кол. О. Г. Берестнева ; А. А. Мицель ; Т. А. Гладкова |v [С. 375-378] |d 2017 | |
| 510 | 1 | |a Evaluation of the effects of establishing of consalidated groups of taxpayers for Russian groups of companies |z eng | |
| 610 | 1 | |a электронные ресурсы | |
| 610 | 1 | |a труды учёных ТПУ | |
| 610 | 1 | |a консолидированные группы | |
| 610 | 1 | |a налогоплательщики | |
| 610 | 1 | |a налоги | |
| 610 | 1 | |a подоходный налог | |
| 610 | 1 | |a бюджет | |
| 700 | 1 | |a Брайченко |b А. А. | |
| 701 | 1 | |a Баннова |b К. А. |c экономист |c ассистент кафедры Томского политехнического университета |f 1987- |g Кристина Алексеевна |2 stltpush |3 (RuTPU)RU\TPU\pers\32692 | |
| 712 | 0 | 2 | |a Национальный исследовательский Томский политехнический университет (ТПУ) |b Школа базовой инженерной подготовки (ШБИП) |b Отделение социально-гуманитарных наук (ОСГН) |h 8033 |2 stltpush |3 (RuTPU)RU\TPU\col\23512 |
| 801 | 2 | |a RU |b 63413507 |c 20180321 |g RCR | |
| 856 | 4 | |u http://earchive.tpu.ru/handle/11683/46159 | |
| 942 | |c BK | ||